000 00858cab a2200241 4500
001 WB3023-47
008 090401t1994 xxu||||| |||| 00| 0 eng d
035 _a(Sirsi) u71505
041 _aeng
245 _aPlacing puts tag on Chesterton
260 _c1994
350 _a0
490 _aFinancial Times
_v16 June 1994, 24(1)
520 _aChesterton International has successfully placed 20.56m shares in spite of the stock market slump. However, the deal was priced at 100p, the minimum price under the company`s agreement with existing shareholders who are selling through the offer.
650 _aABOUT RICS-RICS MEMBERS
650 _aCHESTERTONS
650 _aCOMMERCIAL AGENTS
650 _aFLOTATION
650 _aQUOTED COMPANIES
690 _aMANAGEMENT-BUSINESS MANAGEMENT-PROFESSIONAL PRACTICE
942 _n0
948 _c04/03/1997
999 _c45087
_d45087